000 00300nam a2200121Ia 4500
005 20251222154437.0
008 251222s9999||||xx |||||||||||||| ||spa||
020 _a968-18-5021-1
082 _a658.562/L12/T.1
100 _a"Laboucheix, Vicent"
245 0 _aTratado de la calidad total
942 _cLIB
999 _c36661
_d36661